000 00387nam a2200157 4500
008 170310s2010||||xo d
100 1 _aFilo Peter
_9234
245 1 0 _aKultouroperátor
250 _a1. vydanie
260 _bNárodné osvetové centrum
_aBratislava
_c2010
300 _a129 s.
020 _a978-80-7121-330-7
_c0
041 1 _aslo
044 _axo
_cSK
958 _aAPR
999 _c21365
_d21365